Villes les plus peuplées de Russie - Statistiques

Statistiques générales
  • Ce quiz a été pris 278 fois
  • Le résultat moyen est 9 sur 20
Statistiques - réponses
Population Ville % Correct
12 108 257 Moscou
100%
5 131 942 Saint-Pétersbourg
98%
1 190 850 Kazan
66%
1 017 985 Volgograd
65%
1 263 873 Nijni Novgorod
64%
1 412 346 Iekaterinbourg
60%
1 109 835 Rostov-sur-le-Don
60%
1 547 910 Novossibirsk
52%
1 166 092 Omsk
52%
805 680 Krasnodar
48%
1 026 477 Perm
46%
1 172 348 Samara
43%
1 014 610 Voronej
34%
1 035 528 Krasnoïarsk
33%
1 096 702 Oufa
33%
1 169 432 Tcheliabinsk
30%
840 785 Saratov
29%
718 127 Togliatti
13%
616 672 Oulianovsk
9%
637 309 Ijevsk
6%
Aucun quiz correspondant
Distribution des résultats
% des personnes avec chaque résultat
Percentile par nombre de réponses
Votre historique - résultats
Vous n’avez pas pris ce quiz